000 00354nam a2200157Ia 4500
008 210210b1964 xxu||||| |||| 00| 0 eng d
041 _aeng
082 _a560/4
100 _aBLOOMFIELD (L P)
245 _aOuter space
260 _aNew Delhi
_bM Sundaram
_c1964
650 _aspace
650 _aOuter
690 _aPure Sciences
906 _a010171
999 _c137939
_d137939